| 000 | 00477cam a22001457a 4500 | ||
|---|---|---|---|
| 008 | 180718b1963 xxu||||| |||| 00| 0 eng d | ||
| 082 | _aU6x54 K528g | ||
| 100 | _aKhera, S.S. | ||
| 245 |
_aManagement and control in public enterprise _cby S.S. Khera |
||
| 260 |
_aBombay _bAsia Pub. House _c1963 |
||
| 300 | _a396p. | ||
| 500 | _aRs.38.00; Under auspices of Indian Institute of Public Administration | ||
| 650 | _aGovt Enterprise - India | ||
| 650 | _aGovt. Corporations - India | ||
| 999 |
_c369170 _d369170 |
||